|
|
|
|
| LEADER |
01127nam a2200265 a 4500 |
| 001 |
12624774 |
| 008 |
091121s2003 maua b 001 0 eng d |
| 999 |
|
|
|c 5774
|d 5774
|
| 010 |
|
|
|a 2001099577
|
| 020 |
|
|
|a 0072335424
|
| 020 |
|
|
|a 0071123423 (International ed.)
|
| 040 |
|
|
|a DLC
|c DLC
|d DLC
|
| 082 |
0 |
0 |
|a 330.028
|2 22
|
| 100 |
1 |
|
|a Gujarati, Damodar N.
|9 714
|
| 245 |
1 |
0 |
|a Basic econometrics /
|c Damodar N. Gujarati.
|
| 250 |
|
|
|a 4th ed.
|
| 260 |
|
|
|a Boston :
|b McGraw Hill,
|c c2003.
|
| 300 |
|
|
|a xxix, 1002 p. :
|b ill. ;
|c 24 cm. +$e1 CD-ROM (4 3/4 in.)
|
| 504 |
|
|
|a Includes bibliographical references (p. 979-982) and indexes.
|
| 541 |
1 |
|
|e 00009120
|
| 650 |
|
0 |
|a Econometrics.
|9 715
|
| 852 |
4 |
|
|a Ayesha Abed Library
|j General Shelf.
|
| 942 |
|
|
|2 ddc
|c AV
|0 1
|
| 952 |
|
|
|0 0
|1 0
|2 ddc
|4 0
|6 330_028000000000000_GUJ
|7 0
|9 5712
|a BRACUL
|b BRACUL
|c GEN
|d 2009-11-22
|g 0.00
|l 22
|m 156
|o 330.028 GUJ
|p 3010009120
|r 2025-02-11
|s 2025-02-10
|t 1
|w 2009-11-22
|y BK
|x No price found in the accession register.
|
| 952 |
|
|
|0 0
|1 0
|2 ddc
|4 0
|6 330_028000000000000_GUJ
|7 0
|9 62220
|a BRACUL
|b BRACUL
|c AV
|d 2009-11-22
|l 0
|o 330.028 GUJ
|p 4010009120
|r 2017-12-07
|t 1
|w 2009-11-22
|y AV
|